00967nam a22002057a 4500003000200000005001700002008004100019050002200060100003300082245019600115260007300311300003100384504005200415650004500467650003400512650004900546650005800595650005400653650005400707020250109101818.0250109b xxu||||| |||| 00| 0 eng d aBF 637b.N38 2024 aNaval, Jeanette Victoria A.  aQuality of life and academic resilience as correlates to self-efficacy as basis for a mental health program for academic scholars of selected private universitiesc Jeanette Victoria A. Naval aLas Piñas CitybSouthville International School and Collegesc2024 axviii, 463 pages ;c29cm.  aIncludes bibliographical references and index.  aSelf-efficacy – Psychological aspects. aQuality of life – Students. aMental health programs – Higher education. aScholars – Mental health – Psychological aspects. aPrivate universities – Students – Psychology. aPrivate universities – Students – Psychology.